International Politics: Enduring Concepts and Contemporary Issues (Запис № 572909)
[ простий вигляд ]
| 000 -LEADER | |
|---|---|
| fixed length control field | 00293 a2200109 4500 |
| 020 ## - INTERNATIONAL STANDARD BOOK NUMBER | |
| International Standard Book Number | 9780133807738 |
| 100 ## - MAIN ENTRY--PERSONAL NAME | |
| Personal name | Robert J. Art, Robert Jervis |
| 245 ## - TITLE STATEMENT | |
| Title | International Politics: Enduring Concepts and Contemporary Issues |
| 250 ## - EDITION STATEMENT | |
| Edition statement | 12th Edition |
| 260 ## - PUBLICATION, DISTRIBUTION, ETC. (IMPRINT) | |
| Name of publisher, distributor, etc | Pearson |
| Date of publication, distribution, etc | 2015 |
| 942 ## - ADDED ENTRY ELEMENTS (KOHA) | |
| Koha item type | Книги |
Немає доступних примірників.